000 00653nam a22001337a 4500
008 150212b xxu||||| |||| 00| 0 eng d
020 _a9789380386720
100 _aDixit, J.B.
245 _aMastering data structures through 'C' language. /
_cJ.D. Dixit
260 _aNew Dejhi:
_bUniversity Science Press,
_c2011.
300 _axi,624p.:
_bill.;
_c24cm.
505 _aContents:Basic concepts of data representation -- Introduction to algorithm design and data structures -- Arrays -- String representation and manipulation -- Linked lists -- Stacks -- Queues -- Trees -- Graphs -- Searching, sorting and complexity -- File organization.
942 _2lcc
_cBK
999 _c5382
_d12882